Loading...
Encyclopaedic dictionary of economics
| Main Author: | |
|---|---|
| Format: | Printed Book |
| Published: |
New Delhi, Mittal Publications
1985
|
| Series: | 2
|
| Subjects: |
| LEADER | 004920000a22001690004500 | ||
|---|---|---|---|
| 082 | |a 330.03 M5.2 | ||
| 100 | |a Ghodke, N B | ||
| 245 | |a Encyclopaedic dictionary of economics | ||
| 260 | |a New Delhi, Mittal Publications | ||
| 260 | |c 1985 | ||
| 490 | |a 2 | ||
| 650 | |a Dictionary | ||
| 650 | |a Economics | ||
| 650 | |a Encyclopaedia | ||
| 942 | |c BK | ||
| 999 | |c 130226 |d 130222 | ||
| 952 | |0 0 |1 0 |4 0 |6 330_030000000000000_M5_2 |7 0 |9 129165 |a SCP |b SCP |d 2014-02-11 |l 0 |o 330.03 M5.2 |p SCP02823 |r 2014-02-11 |w 2014-02-11 |y BK | ||